000 00876nam a2200229 a 4500
005 20140414093839.0
008 040310s19uu xx 00 eng d
050 _aVHS 370
_bOR 10 t.3
245 _aInstructional strategies for the differentiated classroom :
_btiered assignments.
260 _aAlexandria, Va :
_bAssociation for Supervision and Curriculum Development,
_cc2003.
300 _a35 min.
440 _aInstructional strategies for the differentiated classroom ; tape 3
500 _aFacilitator's guide, Tapes 1,2,3,4.
520 _aLibrary has:
650 _aCurriculum planning (Instructional strategies)
_xUnited States.
650 _aEffective teaching
_xUnited States.
650 _aAcademic achievement
_xUnited States.
650 _aResearch-based instructional strategies
_xUnited States.
700 _aASCD
942 _cAVM
999 _c109163
_d109163